000 00793nam a22002297a 4500
005 20100803154733.0
010 _aENG-97857
020 _a9788120338746
_c350.00
035 _aEN-81390
037 _bDBAD/PUB
082 _a004.165
100 _aMathur, Sunil
_95422
245 _aMicroprocessor 8085 and its interfacing /
_cby Sunil Mathur
260 _aNew Delhi
_bPHI Learning
_c2010
270 _aM-97, Connaught Circus
_bNew Delhi
_e110001
300 _axxiii,640p.:
_bill.
_c24cm (pbk)
500 _aIncludes index
650 _aMotorola 8085
_95423
650 _aMicroprocessor
_95424
942 _2ddc
_cEN
_h004.165
_mMAT
999 _c39036
_d39036